|
|
|
|
| LEADER |
01464ncm a2200385 a 4500 |
| 001 |
000922844 |
| 003 |
CZ BrMZK |
| 005 |
20160923081119.0 |
| 007 |
qu |
| 008 |
081125s1996 xr muzdg || cze d |
| 024 |
2 |
|
|a M-66055-430-2
|
| 024 |
2 |
|
|a M-66055-416-6
|
| 028 |
2 |
1 |
|a Kubešovo hudební vydavatelství
|b 30-0069
|
| 040 |
|
|
|a BOA001
|b cze
|
| 047 |
|
|
|a wz
|a df
|
| 048 |
|
|
|a vu02
|a of01
|
| 072 |
|
7 |
|a 785
|x Instrumentální hudba. Symfonická hudba. Hudba pro více nástrojů
|2 Konspekt
|9 9
|
| 080 |
|
|
|a 784.9.085.2
|2 MRF
|
| 080 |
|
|
|a 785.12
|2 MRF
|
| 080 |
|
|
|a 78.087
|2 MRF
|
| 100 |
1 |
|
|a Dvořák, Vlasta,
|d 1928-2010
|7 mzk2005286481
|4 cmp
|
| 245 |
1 |
0 |
|a Vzpomínky
|h [hudebnina]
|b valčík /
|c Vlasta Dvořák ; Zdeněk Beneš.^^Při muzice : polka / Antonín Pecha ; Jaroslav Šprongl
|
| 260 |
|
|
|a Praha :
|b Kubešovo hudební vydavatelství ,
|c [1996]
|
| 300 |
|
|
|a 18 hlasů ;
|c 30 cm
|
| 650 |
0 |
7 |
|a valčíky (zpěv (2), dechový orchestr)
|7 ph321672
|2 czenas
|
| 650 |
0 |
7 |
|a polky (zpěv (2), dechový orchestr)
|7 ph321604
|2 czenas
|
| 655 |
|
7 |
|a hlasy
|7 fd186703
|2 czenas
|
| 700 |
1 |
|
|a Beneš, Zdeněk,
|d 1959-
|7 mzk2011667989
|4 lyr
|
| 700 |
1 |
|
|a Pecha, Antonín,
|d 1959-
|7 mzk2005290039
|4 cmp
|
| 700 |
1 |
|
|a Šprongl, Jaroslav,
|d 1945-2022
|7 jk01130945
|4 lyr
|
| 740 |
0 |
2 |
|a Při muzice
|
| 910 |
|
|
|a BOA001
|b Mus4-1211.707
|
| 990 |
|
|
|a MU
|
| 991 |
|
|
|b 200812
|c NOV
|
| 996 |
6 |
|
|b 2610355913
|c Mus4-1211.707
|l MZK
|r Sklad / do 1 hodiny
|n 0
|w 000922844
|u 000010
|a 1
|e BOA001
|j MZK50
|s P
|